[Event "Королевский Гамбит. Южный Федеральный округ."]
[Date "2025-11-21"]
[Round "2.12"]
[Board "12"]
[White "Тимошевская Анна"]
[WhiteElo "990"]
[Black "Моргунова Инна"]
[BlackElo "1000"]
[WebSite "https://www.chessopen.ru"]
[GameId "5fe87075-a782-453b-9458-2e74157b9aa5"]
[Result "0-1"]

1. f4 { [%clk 0:09:57] } d6 { [%clk 0:09:53] } 2. c4 { [%clk 0:09:58] } Nc6 {
[%clk 0:09:52] } 3. Nf3 { [%clk 0:09:59] } Nf6 { [%clk 0:09:52] } 4. d3 { [%clk
0:09:55] } b6 { [%clk 0:09:46] } 5. b3 { [%clk 0:09:45] } Ba6 { [%clk 0:09:44]
} 6. a3 { [%clk 0:09:48] } Qd7 { [%clk 0:09:38] } 7. Be3 { [%clk 0:09:46] }
O-O-O { [%clk 0:09:37] } 8. Nc3 { [%clk 0:09:46] } g6 { [%clk 0:09:37] } 9. Nh4
{ [%clk 0:09:45] } Bh6 { [%clk 0:09:33] } 10. g3 { [%clk 0:09:06] } Qe6 { [%clk
0:09:25] } 11. Bg1 { [%clk 0:09:02] } g5 { [%clk 0:09:13] } 12. e4 { [%clk
0:09:05] } gxh4 { [%clk 0:09:10] } 13. gxh4 { [%clk 0:09:06] } Bxf4 { [%clk
0:09:09] } 14. Ne2 { [%clk 0:08:46] } Be5 { [%clk 0:08:57] } 15. Rb1 { [%clk
0:08:40] } Rhg8 { [%clk 0:08:57] } 16. Bh3 { [%clk 0:08:31] } Qxh3 { [%clk
0:08:48] } 17. Be3 { [%clk 0:08:02] } Qxe3 { [%clk 0:08:36] } 18. Rf1 { [%clk
0:07:38] } Rg2 { [%clk 0:08:21] } 19. Rb2 { [%clk 0:07:01] } Bc3+ { [%clk
0:08:20] } 20. Qd2 { [%clk 0:06:45] } Bxd2+ { [%clk 0:08:15] } 21. Kd1 { [%clk
0:06:43] } Rxe2 { [%clk 0:07:54] } 22. Kc2 { [%clk 0:06:43] } Rg8 { [%clk
0:07:23] } 23. Kb1 { [%clk 0:06:34] } Re1+ { [%clk 0:07:20] } 24. Rxe1 { [%clk
0:06:32] } Bxe1 { [%clk 0:07:21] } 25. Ka2 { [%clk 0:06:31] } Qxd3 { [%clk
0:07:13] } 26. b4 { [%clk 0:06:19] } Bxc4+ { [%clk 0:06:55] } 27. Ka1 { [%clk
0:06:15] } Bc3 { [%clk 0:06:48] } 28. h3 { [%clk 0:05:56] } Rg1# { [%clk
0:06:47] } 0-1

[Event "Королевский Гамбит. Южный Федеральный округ."]
[Date "2025-11-21"]
[Round "3.1"]
[Board "1"]
[White "Витченко Денис"]
[WhiteElo "981"]
[Black "Кобызев Ярослав"]
[BlackElo "980"]
[WebSite "https://www.chessopen.ru"]
[GameId "52f31d44-a97a-4191-a520-5576477dc8bd"]
[Result "1-0"]

1. e4 { [%clk 0:10:00] } e5 { [%clk 0:09:59] } 2. Nf3 { [%clk 0:10:01] } Nc6 {
[%clk 0:09:59] } 3. Nc3 { [%clk 0:10:02] } Nf6 { [%clk 0:09:56] } 4. Bb5 {
[%clk 0:10:00] } a6 { [%clk 0:09:55] } 5. Bc4 { [%clk 0:09:59] } Bc5 { [%clk
0:09:54] } 6. d4 { [%clk 0:09:44] } O-O { [%clk 0:09:53] } 7. dxc5 { [%clk
0:09:44] } b6 { [%clk 0:09:50] } 8. cxb6 { [%clk 0:09:45] } cxb6 { [%clk
0:09:52] } 9. O-O { [%clk 0:09:33] } Ng4 { [%clk 0:09:48] } 10. h3 { [%clk
0:09:26] } Ne3 { [%clk 0:09:42] } 11. fxe3 { [%clk 0:09:24] } Nb4 { [%clk
0:09:39] } 12. a3 { [%clk 0:09:16] } Nc6 { [%clk 0:09:33] } 13. b4 { [%clk
0:09:05] } b5 { [%clk 0:09:24] } 14. Bd5 { [%clk 0:09:01] } Ne7 { [%clk
0:09:12] } 15. Bxa8 { [%clk 0:08:56] } Ng6 { [%clk 0:09:06] } 16. Nd5 { [%clk
0:08:33] } Nh4 { [%clk 0:08:47] } 17. Nxh4 { [%clk 0:08:23] } Qxh4 { [%clk
0:08:12] } 18. Rf3 { [%clk 0:08:15] } d6 { [%clk 0:08:05] } 19. g3 { [%clk
0:07:55] } Qxh3 { [%clk 0:08:00] } 20. Kf2 { [%clk 0:07:23] } Qh2+ { [%clk
0:07:52] } 21. Kf1 { [%clk 0:07:02] } Bh3+ { [%clk 0:07:47] } 22. Ke1 { [%clk
0:07:00] } Qg2 { [%clk 0:07:42] } 23. Rf2 { [%clk 0:06:59] } Qh1+ { [%clk
0:07:36] } 24. Kd2 { [%clk 0:06:57] } Qxe4 { [%clk 0:07:25] } 25. a4 { [%clk
0:06:52] } Bg4 { [%clk 0:07:14] } 26. Qe1 { [%clk 0:06:40] } Qxd5+ { [%clk
0:07:02] } 27. Bxd5 { [%clk 0:06:41] } Bh3 { [%clk 0:07:00] } 28. axb5 { [%clk
0:06:35] } axb5 { [%clk 0:06:59] } 29. Ra6 { [%clk 0:06:32] } Rc8 { [%clk
0:06:41] } 30. Bc6 { [%clk 0:06:26] } h6 { [%clk 0:06:37] } 31. Ra8 { [%clk
0:06:24] } Rf8 { [%clk 0:06:13] } 32. Rxf8+ { [%clk 0:06:24] } Kxf8 { [%clk
0:06:12] } 33. Rh2 { [%clk 0:06:20] } Bf5 { [%clk 0:06:06] } 34. Rf2 { [%clk
0:06:13] } g6 { [%clk 0:06:06] } 35. Bxb5 { [%clk 0:06:08] } Bg4 { [%clk
0:05:56] } 36. Bc4 { [%clk 0:05:46] } d5 { [%clk 0:05:31] } 37. Bxd5 { [%clk
0:05:46] } f6 { [%clk 0:05:30] } 38. b5 { [%clk 0:05:42] } Ke7 { [%clk 0:05:11]
} 39. b6 { [%clk 0:05:40] } Be6 { [%clk 0:05:03] } 40. Bxe6 { [%clk 0:05:38] }
Kxe6 { [%clk 0:05:04] } 41. b7 { [%clk 0:05:40] } Kd7 { [%clk 0:05:04] } 42.
b8=Q { [%clk 0:05:38] } Ke6 { [%clk 0:05:05] } 43. Qh1 { [%clk 0:05:38] } Kd7 {
[%clk 0:04:55] } 44. Qxh6 { [%clk 0:05:38] } Ke6 { [%clk 0:04:55] } 45. Qb6+ {
[%clk 0:05:38] } Kd5 { [%clk 0:04:47] } 46. Re2 { [%clk 0:05:36] } Ke4 { [%clk
0:04:44] } 47. Qd4+ { [%clk 0:05:33] } Kf5 { [%clk 0:04:43] } 48. Qdf4+ { [%clk
0:05:28] } exf4 { [%clk 0:04:38] } 49. exf4 { [%clk 0:05:29] } g5 { [%clk
0:04:31] } 50. fxg5 { [%clk 0:05:29] } fxg5 { [%clk 0:04:31] } 51. Rf2+ { [%clk
0:05:29] } Kg4 { [%clk 0:04:31] } 52. Kc3 { [%clk 0:05:26] } Kxg3 { [%clk
0:04:23] } 53. Qh2+ { [%clk 0:05:23] } Kg4 { [%clk 0:04:21] } 54. Rg2+ { [%clk
0:05:23] } Kf5 { [%clk 0:04:19] } 55. Bxg5 { [%clk 0:05:17] } Ke4 { [%clk
0:04:19] } 56. Qh5 { [%clk 0:05:17] } Kd5 { [%clk 0:04:19] } 57. Rd2+ { [%clk
0:05:16] } Ke4 { [%clk 0:04:19] } 58. Qe2+ { [%clk 0:05:15] } Kf5 { [%clk
0:04:20] } 59. Rd5+ { [%clk 0:05:16] } Kg6 { [%clk 0:04:20] } 60. Qe3 { [%clk
0:05:07] } Kh5 { [%clk 0:04:18] } 61. Qh3+ { [%clk 0:05:03] } Kg6 { [%clk
0:04:18] } 62. Rd6+ { [%clk 0:05:03] } Kxg5 { [%clk 0:04:16] } 63. Rd4 { [%clk
0:04:56] } Kg6 { [%clk 0:04:10] } 64. Qe6+ { [%clk 0:04:55] } Kg5 { [%clk
0:04:08] } 65. Rg4+ { [%clk 0:04:54] } Kh5 { [%clk 0:04:04] } 66. Qg6# { [%clk
0:04:49] } 1-0

[Event "Королевский Гамбит. Южный Федеральный округ."]
[Date "2025-11-21"]
[Round "3.1"]
[Board "1"]
[White "Игнатьев Матвей"]
[WhiteElo "981"]
[Black "Асламазян Богдан"]
[BlackElo "1000"]
[WebSite "https://www.chessopen.ru"]
[GameId "e373ae77-a91e-477c-9baa-cc6cf6098112"]
[Result "0-1"]

1. e4 { [%clk 0:09:59] } e5 { [%clk 0:09:57] } 2. Bc4 { [%clk 0:09:59] } Nf6 {
[%clk 0:09:56] } 3. d4 { [%clk 0:09:58] } exd4 { [%clk 0:09:53] } 4. Bg5 {
[%clk 0:09:57] } Nc6 { [%clk 0:09:48] } 5. Bxf6 { [%clk 0:09:42] } Qxf6 { [%clk
0:09:48] } 6. Bd5 { [%clk 0:09:39] } Bb4+ { [%clk 0:09:43] } 7. c3 { [%clk
0:09:36] } dxc3 { [%clk 0:09:45] } 8. bxc3 { [%clk 0:09:31] } Bxc3+ { [%clk
0:09:46] } 9. Nxc3 { [%clk 0:09:31] } Qxc3+ { [%clk 0:09:45] } 10. Kf1 { [%clk
0:09:19] } Qf6 { [%clk 0:09:40] } 11. Qe1 { [%clk 0:09:02] } O-O { [%clk
0:09:29] } 12. e5 { [%clk 0:08:52] } Qxe5 { [%clk 0:09:27] } 13. Be4 { [%clk
0:08:46] } Nd4 { [%clk 0:09:11] } 14. Qe3 { [%clk 0:08:25] } Nc2 { [%clk
0:09:09] } 15. Nf3 { [%clk 0:08:23] } Qxa1+ { [%clk 0:09:06] } 16. Ke2 { [%clk
0:08:15] } Nxe3 { [%clk 0:09:06] } 17. Rxa1 { [%clk 0:08:15] } Nc2 { [%clk
0:09:05] } 18. Rd1 { [%clk 0:08:14] } Nb4 { [%clk 0:08:59] } 19. Rd4 { [%clk
0:08:11] } Nc6 { [%clk 0:08:55] } 20. Bxc6 { [%clk 0:08:10] } dxc6 { [%clk
0:08:50] } 21. Ne5 { [%clk 0:08:07] } f6 { [%clk 0:08:45] } 22. Nf3 { [%clk
0:08:01] } Re8+ { [%clk 0:08:43] } 23. Kf1 { [%clk 0:07:54] } Bg4 { [%clk
0:08:35] } 24. Nh4 { [%clk 0:07:48] } Re2 { [%clk 0:08:29] } 25. Rxg4 { [%clk
0:07:45] } Rae8 { [%clk 0:08:27] } 26. Nf3 { [%clk 0:07:42] } Rxa2 { [%clk
0:08:25] } 27. Rd4 { [%clk 0:07:24] } Ra1+ { [%clk 0:08:21] } 28. Ne1 { [%clk
0:07:14] } Raxe1# { [%clk 0:08:21] } 0-1

[Event "Королевский Гамбит. Южный Федеральный округ."]
[Date "2025-11-21"]
[Round "3.1"]
[Board "1"]
[White "Мартиросянц Арман"]
[WhiteElo "1019"]
[Black "Балакин Данил"]
[BlackElo "980"]
[WebSite "https://www.chessopen.ru"]
[GameId "b226641f-8bbc-4844-b0ab-538239e24de0"]
[Result "1-0"]

1. e4 { [%clk 0:10:01] } e5 { [%clk 0:09:53] } 2. Nf3 { [%clk 0:10:02] } Nc6 {
[%clk 0:09:48] } 3. Bc4 { [%clk 0:10:03] } Nf6 { [%clk 0:09:44] } 4. Ng5 {
[%clk 0:10:03] } Qe7 { [%clk 0:09:37] } 5. Nxf7 { [%clk 0:10:04] } Rg8 { [%clk
0:09:37] } 6. Ng5 { [%clk 0:10:03] } Nd4 { [%clk 0:09:33] } 7. Bxg8 { [%clk
0:10:02] } Nxg8 { [%clk 0:09:31] } 8. Nf3 { [%clk 0:10:01] } Nf6 { [%clk
0:09:28] } 9. c3 { [%clk 0:10:01] } Nb5 { [%clk 0:09:25] } 10. d3 { [%clk
0:10:03] } d6 { [%clk 0:09:21] } 11. Bg5 { [%clk 0:10:03] } h6 { [%clk 0:09:19]
} 12. Bxf6 { [%clk 0:10:01] } Qxf6 { [%clk 0:09:19] } 13. a4 { [%clk 0:09:56] }
Bg4 { [%clk 0:09:06] } 14. axb5 { [%clk 0:09:54] } Bxf3 { [%clk 0:09:05] } 15.
Qxf3 { [%clk 0:09:55] } Qe6 { [%clk 0:08:57] } 16. Na3 { [%clk 0:09:49] } O-O-O
{ [%clk 0:08:54] } 17. Nc4 { [%clk 0:09:49] } a6 { [%clk 0:08:51] } 18. bxa6 {
[%clk 0:09:49] } bxa6 { [%clk 0:08:50] } 19. Rxa6 { [%clk 0:09:49] } Qd7 {
[%clk 0:08:35] } 20. Ra8+ { [%clk 0:09:48] } Kb7 { [%clk 0:08:34] } 21. Rxd8 {
[%clk 0:09:50] } Qxd8 { [%clk 0:08:33] } 22. O-O { [%clk 0:09:51] } Qd7 { [%clk
0:08:32] } 23. Qxf8 { [%clk 0:09:50] } Qc6 { [%clk 0:08:29] } 24. Qf3 { [%clk
0:09:49] } d5 { [%clk 0:08:28] } 25. exd5 { [%clk 0:09:47] } Qc5 { [%clk
0:08:22] } 26. Qd1 { [%clk 0:09:40] } Qxd5 { [%clk 0:08:12] } 27. Qb3+ { [%clk
0:09:40] } Kc8 { [%clk 0:08:10] } 28. Nb6+ { [%clk 0:09:41] } Kd8 { [%clk
0:08:05] } 29. Qxd5+ { [%clk 0:09:40] } Ke7 { [%clk 0:08:04] } 30. Qd7+ { [%clk
0:09:41] } Kf6 { [%clk 0:07:59] } 31. Nd5+ { [%clk 0:09:41] } Kg5 { [%clk
0:07:57] } 32. f3 { [%clk 0:09:37] } Kg6 { [%clk 0:07:57] } 33. Qe6+ { [%clk
0:09:29] } Kh7 { [%clk 0:07:56] } 34. Qf5+ { [%clk 0:09:29] } Kg8 { [%clk
0:07:55] } 35. Ne7+ { [%clk 0:09:29] } Kh8 { [%clk 0:07:54] } 36. Qf8+ { [%clk
0:09:28] } Kh7 { [%clk 0:07:55] } 37. Qg8# { [%clk 0:09:28] } 1-0

[Event "Королевский Гамбит. Южный Федеральный округ."]
[Date "2025-11-21"]
[Round "3.1"]
[Board "1"]
[White "Твердов Ратмир"]
[WhiteElo "1020"]
[Black "Зиновьев Владислав"]
[BlackElo "1000"]
[WebSite "https://www.chessopen.ru"]
[GameId "99b9bfc2-b327-4669-9d7c-6e4685abd980"]
[Result "1-0"]

1. e4 { [%clk 0:10:01] } c5 { [%clk 0:10:01] } 2. Nf3 { [%clk 0:09:58] } Nc6 {
[%clk 0:10:02] } 3. d4 { [%clk 0:09:55] } cxd4 { [%clk 0:10:03] } 4. Nxd4 {
[%clk 0:09:55] } g6 { [%clk 0:10:03] } 5. c4 { [%clk 0:09:43] } Bg7 { [%clk
0:10:02] } 6. Be3 { [%clk 0:09:41] } Nf6 { [%clk 0:09:57] } 7. Nc3 { [%clk
0:09:42] } d6 { [%clk 0:09:52] } 8. f3 { [%clk 0:09:12] } O-O { [%clk 0:09:48]
} 9. Be2 { [%clk 0:09:14] } Bd7 { [%clk 0:09:46] } 10. O-O { [%clk 0:09:12] }
a6 { [%clk 0:09:46] } 11. Qd2 { [%clk 0:09:09] } Qc7 { [%clk 0:09:28] } 12.
Rad1 { [%clk 0:08:49] } Ne5 { [%clk 0:09:25] } 13. Rc1 { [%clk 0:08:35] } e6 {
[%clk 0:08:49] } 14. b3 { [%clk 0:08:31] } Rac8 { [%clk 0:08:44] } 15. Rfd1 {
[%clk 0:08:29] } Rfd8 { [%clk 0:08:44] } 16. Bh6 { [%clk 0:08:20] } Qc5 { [%clk
0:08:36] } 17. Be3 { [%clk 0:08:11] } Qc7 { [%clk 0:08:31] } 18. Bg5 { [%clk
0:08:06] } Nc6 { [%clk 0:08:16] } 19. Nxc6 { [%clk 0:07:53] } Bxc6 { [%clk
0:08:10] } 20. Qf4 { [%clk 0:07:51] } Qb6+ { [%clk 0:08:02] } 21. Kh1 { [%clk
0:07:35] } e5 { [%clk 0:07:49] } 22. Qh4 { [%clk 0:07:30] } Nh5 { [%clk
0:07:29] } 23. c5 { [%clk 0:07:10] } Qc7 { [%clk 0:07:04] } 24. Bxd8 { [%clk
0:07:08] } Rxd8 { [%clk 0:07:04] } 25. cxd6 { [%clk 0:07:06] } Rxd6 { [%clk
0:07:02] } 26. Rxd6 { [%clk 0:07:08] } Qxd6 { [%clk 0:07:05] } 27. Rd1 { [%clk
0:05:42] } Qb4 { [%clk 0:07:01] } 28. Bc4 { [%clk 0:05:36] } Qxc3 { [%clk
0:06:38] } 29. Qe7 { [%clk 0:05:31] } Qxc4 { [%clk 0:05:09] } 30. Rd8+ { [%clk
0:05:27] } Be8 { [%clk 0:05:06] } 31. Rxe8+ { [%clk 0:05:26] } Bf8 { [%clk
0:05:07] } 32. Qxf8# { [%clk 0:05:28] } 1-0

[Event "Королевский Гамбит. Южный Федеральный округ."]
[Date "2025-11-21"]
[Round "3.1"]
[Board "1"]
[White "Шалай Мирослав"]
[WhiteElo "1029"]
[Black "Гончаров Константин"]
[BlackElo "1019"]
[WebSite "https://www.chessopen.ru"]
[GameId "f93a45fa-7caa-459e-8035-22e406d73ffb"]
[Result "0-1"]

1. e4 { [%clk 0:09:59] } g6 { [%clk 0:10:00] } 2. Bc4 { [%clk 0:09:57] } Bg7 {
[%clk 0:10:00] } 3. d3 { [%clk 0:09:53] } d6 { [%clk 0:10:01] } 4. Be3 { [%clk
0:09:45] } Nf6 { [%clk 0:10:01] } 5. Nd2 { [%clk 0:09:44] } O-O { [%clk
0:10:00] } 6. Ngf3 { [%clk 0:09:41] } Nc6 { [%clk 0:10:00] } 7. O-O { [%clk
0:09:31] } Bg4 { [%clk 0:09:49] } 8. h3 { [%clk 0:09:29] } Bxf3 { [%clk
0:09:44] } 9. Qxf3 { [%clk 0:09:29] } Nd7 { [%clk 0:09:45] } 10. Rfe1 { [%clk
0:09:21] } Bxb2 { [%clk 0:09:44] } 11. Rab1 { [%clk 0:09:17] } Bg7 { [%clk
0:09:44] } 12. Rxb7 { [%clk 0:09:08] } Nb6 { [%clk 0:09:44] } 13. e5 { [%clk
0:09:03] } Nxe5 { [%clk 0:09:27] } 14. Qe4 { [%clk 0:08:59] } d5 { [%clk
0:09:13] } 15. Qd4 { [%clk 0:08:00] } Nf3+ { [%clk 0:09:11] } 0-1

[Event "Королевский Гамбит. Южный Федеральный округ."]
[Date "2025-11-21"]
[Round "3.1"]
[Board "1"]
[White "Ширшов Светослав"]
[WhiteElo "1010"]
[Black "Левченко Владимир"]
[BlackElo "1000"]
[WebSite "https://www.chessopen.ru"]
[GameId "667277e3-592e-4793-a4f5-dba6afa55152"]
[Result "1-0"]

1. e4 { [%clk 0:10:00] } e5 { [%clk 0:09:59] } 2. Nf3 { [%clk 0:10:01] } Nf6 {
[%clk 0:09:59] } 3. Nc3 { [%clk 0:10:02] } Nc6 { [%clk 0:09:57] } 4. Bc4 {
[%clk 0:10:02] } h6 { [%clk 0:09:54] } 5. O-O { [%clk 0:10:01] } Bc5 { [%clk
0:09:55] } 6. d3 { [%clk 0:09:54] } Ng4 { [%clk 0:09:54] } 7. Qe2 { [%clk
0:09:42] } Bxf2+ { [%clk 0:09:51] } 8. Rxf2 { [%clk 0:09:38] } Nxf2 { [%clk
0:09:50] } 9. Qxf2 { [%clk 0:09:41] } Qf6 { [%clk 0:09:45] } 10. Nd5 { [%clk
0:09:39] } Qd6 { [%clk 0:09:37] } 11. d4 { [%clk 0:09:31] } exd4 { [%clk
0:09:28] } 12. Nxd4 { [%clk 0:09:30] } Nxd4 { [%clk 0:09:27] } 13. Qxd4 { [%clk
0:09:31] } O-O { [%clk 0:09:13] } 14. Bf4 { [%clk 0:09:26] } Qg6 { [%clk
0:09:00] } 15. Nxc7 { [%clk 0:09:21] } Rb8 { [%clk 0:08:47] } 16. Nd5 { [%clk
0:09:22] } Re8 { [%clk 0:08:27] } 17. Bxb8 { [%clk 0:09:09] } d6 { [%clk
0:08:19] } 18. Bxa7 { [%clk 0:09:04] } Bh3 { [%clk 0:08:11] } 19. g3 { [%clk
0:09:02] } f5 { [%clk 0:07:47] } 20. Nf4+ { [%clk 0:08:46] } Qf7 { [%clk
0:07:17] } 21. Bxf7+ { [%clk 0:08:43] } Kxf7 { [%clk 0:07:15] } 22. Nxh3 {
[%clk 0:08:41] } Rxe4 { [%clk 0:07:12] } 23. Qd5+ { [%clk 0:08:41] } Re6 {
[%clk 0:06:58] } 24. Qxf5+ { [%clk 0:08:23] } Ke7 { [%clk 0:06:58] } 25. Nf4 {
[%clk 0:08:16] } Rf6 { [%clk 0:06:55] } 26. Qe4+ { [%clk 0:08:14] } Kf7 { [%clk
0:06:54] } 27. Qd5+ { [%clk 0:08:11] } Kf8 { [%clk 0:06:39] } 28. Ne6+ { [%clk
0:08:03] } Kg8 { [%clk 0:06:35] } 29. Bd4 { [%clk 0:07:56] } Rxe6 { [%clk
0:05:45] } 30. Qxe6+ { [%clk 0:07:47] } Kh7 { [%clk 0:05:35] } 31. Qf7 { [%clk
0:07:47] } 1-0

[Event "Королевский Гамбит. Южный Федеральный округ."]
[Date "2025-11-21"]
[Round "3.2"]
[Board "2"]
[White "Гончаров Никита"]
[WhiteElo "1020"]
[Black "Любимов Иван"]
[BlackElo "1010"]
[WebSite "https://www.chessopen.ru"]
[GameId "3a1b1548-4194-48cb-af6a-33654fffa46b"]
[Result "1-0"]

1. e4 { [%clk 0:10:00] } e5 { [%clk 0:09:59] } 2. Nf3 { [%clk 0:10:02] } Bb4 {
[%clk 0:09:48] } 3. c3 { [%clk 0:10:01] } Bd6 { [%clk 0:09:47] } 4. d4 { [%clk
0:10:01] } Nc6 { [%clk 0:09:36] } 5. Bc4 { [%clk 0:09:53] } Na5 { [%clk
0:09:30] } 6. Bb3 { [%clk 0:09:47] } Nxb3 { [%clk 0:09:20] } 7. Qxb3 { [%clk
0:09:42] } Be7 { [%clk 0:09:12] } 8. O-O { [%clk 0:09:36] } d6 { [%clk 0:09:12]
} 9. Ng5 { [%clk 0:09:32] } f6 { [%clk 0:09:04] } 10. Nf7 { [%clk 0:09:21] }
Qd7 { [%clk 0:08:36] } 11. h3 { [%clk 0:09:01] } Qe6 { [%clk 0:08:29] } 12.
Nxh8 { [%clk 0:08:42] } Qxb3 { [%clk 0:08:26] } 13. axb3 { [%clk 0:08:39] } Be6
{ [%clk 0:07:56] } 14. d5 { [%clk 0:08:26] } O-O-O { [%clk 0:07:20] } 15. dxe6
{ [%clk 0:08:14] } Nh6 { [%clk 0:06:49] } 16. Bxh6 { [%clk 0:07:52] } gxh6 {
[%clk 0:06:48] } 17. Nf7 { [%clk 0:07:50] } Rf8 { [%clk 0:06:44] } 18. Rxa7 {
[%clk 0:07:46] } 1-0

[Event "Королевский Гамбит. Южный Федеральный округ."]
[Date "2025-11-21"]
[Round "3.2"]
[Board "2"]
[White "Данильченко Борис"]
[WhiteElo "980"]
[Black "Игнатьев Тимофей"]
[BlackElo "980"]
[WebSite "https://www.chessopen.ru"]
[GameId "04dc877e-bfd6-4c3a-a9cd-298a5e7b26d3"]
[Result "1/2-1/2"]

1. e4 { [%clk 0:09:53] } e6 { [%clk 0:10:00] } 2. d4 { [%clk 0:09:50] } d5 {
[%clk 0:09:52] } 3. exd5 { [%clk 0:09:50] } exd5 { [%clk 0:09:53] } 4. Nf3 {
[%clk 0:09:32] } c5 { [%clk 0:09:44] } 5. dxc5 { [%clk 0:09:24] } Nd7 { [%clk
0:09:37] } 6. Nc3 { [%clk 0:09:21] } Nxc5 { [%clk 0:09:36] } 7. Nxd5 { [%clk
0:09:21] } Be7 { [%clk 0:09:17] } 8. Nxe7 { [%clk 0:09:14] } Qxe7+ { [%clk
0:09:16] } 9. Be2 { [%clk 0:09:09] } Nf6 { [%clk 0:09:13] } 10. Bg5 { [%clk
0:08:52] } O-O { [%clk 0:09:12] } 11. O-O { [%clk 0:08:25] } h6 { [%clk
0:09:08] } 12. Bxf6 { [%clk 0:08:23] } Qxf6 { [%clk 0:09:04] } 13. Qd4 { [%clk
0:08:14] } Qxd4 { [%clk 0:09:04] } 14. Nxd4 { [%clk 0:08:14] } Bd7 { [%clk
0:08:56] } 15. h3 { [%clk 0:08:15] } Rae8 { [%clk 0:08:56] } 16. Bg4 { [%clk
0:08:10] } Bxg4 { [%clk 0:08:52] } 17. hxg4 { [%clk 0:08:09] } Re4 { [%clk
0:08:51] } 18. Nf5 { [%clk 0:08:02] } Rxg4 { [%clk 0:08:49] } 19. Rfd1 { [%clk
0:07:57] } Ne6 { [%clk 0:08:45] } 20. Ne3 { [%clk 0:07:44] } Ng5 { [%clk
0:08:43] } 21. Nxg4 { [%clk 0:07:43] } Re8 { [%clk 0:08:31] } 22. Re1 { [%clk
0:07:37] } Rxe1+ { [%clk 0:08:28] } 23. Rxe1 { [%clk 0:07:35] } f5 { [%clk
0:08:22] } 24. Nxh6+ { [%clk 0:07:27] } gxh6 { [%clk 0:08:22] } 25. Re8+ {
[%clk 0:07:25] } Kf7 { [%clk 0:08:23] } 26. Re3 { [%clk 0:07:19] } f4 { [%clk
0:08:18] } 27. Rf3 { [%clk 0:07:17] } Nxf3+ { [%clk 0:08:16] } 28. gxf3 { [%clk
0:07:14] } Ke6 { [%clk 0:08:17] } 29. Kh2 { [%clk 0:07:11] } Kd5 { [%clk
0:08:17] } 30. c3 { [%clk 0:07:09] } Kc4 { [%clk 0:08:18] } 31. Kh3 { [%clk
0:07:00] } Kd3 { [%clk 0:08:17] } 32. Kg4 { [%clk 0:06:56] } Kc2 { [%clk
0:08:16] } 33. Kxf4 { [%clk 0:06:55] } Kxb2 { [%clk 0:08:16] } 34. c4 { [%clk
0:06:47] } Kc3 { [%clk 0:08:14] } 35. c5 { [%clk 0:06:44] } Kb4 { [%clk
0:08:14] } 36. Kg4 { [%clk 0:06:42] } Kxc5 { [%clk 0:08:14] } 37. f4 { [%clk
0:06:41] } Kd6 { [%clk 0:08:15] } 38. Kf5 { [%clk 0:06:39] } b5 { [%clk
0:08:12] } 39. Ke4 { [%clk 0:06:37] } a5 { [%clk 0:08:13] } 40. f5 { [%clk
0:06:38] } Ke7 { [%clk 0:08:12] } 41. Ke5 { [%clk 0:06:37] } b4 { [%clk
0:08:12] } 42. f6+ { [%clk 0:06:37] } Kf8 { [%clk 0:08:13] } 43. Ke6 { [%clk
0:06:38] } a4 { [%clk 0:08:13] } 44. f7 { [%clk 0:06:30] } b3 { [%clk 0:08:14]
} 45. axb3 { [%clk 0:06:28] } axb3 { [%clk 0:08:09] } 46. f4 { [%clk 0:06:16] }
b2 { [%clk 0:08:08] } 47. f5 { [%clk 0:06:15] } b1=Q { [%clk 0:08:04] } 48. f6
{ [%clk 0:06:07] } Qa2+ { [%clk 0:08:04] } 49. Kf5 { [%clk 0:06:06] } Qxf7 {
[%clk 0:08:04] } 50. Ke5 { [%clk 0:06:02] } Qh5+ { [%clk 0:07:59] } 51. Ke6 {
[%clk 0:06:01] } Qf7+ { [%clk 0:07:57] } 52. Kf5 { [%clk 0:05:59] } h5 { [%clk
0:07:57] } 53. Kg5 { [%clk 0:05:57] } Qh7 { [%clk 0:07:51] } 54. f7 { [%clk
0:05:45] } Kxf7 { [%clk 0:07:51] } 55. Kh4 { [%clk 0:05:43] } Qg6 { [%clk
0:07:45] } 56. Kh3 { [%clk 0:05:40] } Qg4+ { [%clk 0:07:43] } 57. Kh2 { [%clk
0:05:35] } h4 { [%clk 0:07:44] } 58. Kh1 { [%clk 0:05:32] } Qh3+ { [%clk
0:07:44] } 59. Kg1 { [%clk 0:05:24] } Qg3+ { [%clk 0:07:43] } 60. Kh1 { [%clk
0:05:24] } h3 { [%clk 0:07:43] } 1/2-1/2

[Event "Королевский Гамбит. Южный Федеральный округ."]
[Date "2025-11-21"]
[Round "3.2"]
[Board "2"]
[White "Кобызев Артём"]
[WhiteElo "981"]
[Black "Дьяченко Владислав"]
[BlackElo "981"]
[WebSite "https://www.chessopen.ru"]
[GameId "00628919-458c-4605-9ac3-f172f2f41409"]
[Result "0-1"]

1. e4 { [%clk 0:10:00] } e5 { [%clk 0:09:58] } 2. Nf3 { [%clk 0:10:01] } Nc6 {
[%clk 0:09:59] } 3. Nc3 { [%clk 0:10:00] } Nf6 { [%clk 0:10:00] } 4. Bc4 {
[%clk 0:09:59] } Bc5 { [%clk 0:10:01] } 5. h3 { [%clk 0:09:57] } d6 { [%clk
0:10:02] } 6. O-O { [%clk 0:09:57] } O-O { [%clk 0:09:36] } 7. d3 { [%clk
0:09:56] } h6 { [%clk 0:09:34] } 8. Na4 { [%clk 0:09:52] } Be6 { [%clk 0:09:28]
} 9. Bxe6 { [%clk 0:09:51] } fxe6 { [%clk 0:09:29] } 10. Nxc5 { [%clk 0:09:52]
} dxc5 { [%clk 0:09:30] } 11. Be3 { [%clk 0:09:45] } b6 { [%clk 0:09:26] } 12.
Bc1 { [%clk 0:09:45] } Rf7 { [%clk 0:09:13] } 13. Nd2 { [%clk 0:09:35] } Rd7 {
[%clk 0:09:03] } 14. Nc4 { [%clk 0:09:35] } Ne7 { [%clk 0:09:02] } 15. Nxe5 {
[%clk 0:09:31] } Rd5 { [%clk 0:08:59] } 16. exd5 { [%clk 0:09:26] } Qxd5 {
[%clk 0:08:55] } 17. Bf4 { [%clk 0:09:20] } Nc6 { [%clk 0:08:48] } 18. Nxc6 {
[%clk 0:09:17] } Qxc6 { [%clk 0:08:48] } 19. Be5 { [%clk 0:09:15] } Rf8 { [%clk
0:08:36] } 20. Bh2 { [%clk 0:09:11] } Rd8 { [%clk 0:08:26] } 21. a4 { [%clk
0:08:55] } Rd5 { [%clk 0:08:24] } 22. c4 { [%clk 0:08:47] } Rg5 { [%clk
0:08:23] } 23. Bg3 { [%clk 0:08:35] } Nh5 { [%clk 0:08:16] } 24. Rc1 { [%clk
0:08:26] } Nxg3 { [%clk 0:08:12] } 25. fxg3 { [%clk 0:08:22] } Rxg3 { [%clk
0:08:06] } 26. Qe1 { [%clk 0:08:20] } Qxg2# { [%clk 0:07:41] } 0-1